000 00224 a2200097 4500
001 13537
100 _aMorgenthau H.J
245 _aPolitics among nations
260 _aNew York
_bAlfred A Knopf Inc
_c
090 _c10540
_d10540
942 _aNUST-CAE
_cM
_c604
999 _c248610
_d248610